000 00321 a2200157 4500
001 190437
020 _a978-0-19-846657-4
040 _cMagnum
100 _aDonaldson, Julia
240 1 0 _aBob bug
_lING
245 1 0 _aBob bug
300 _a8
362 0 _a2008
697 _aLITERATURA INFANTIL INGLESA
942 _cBK
999 _c190437
_d190437